Statistics for States of Brazil by Population Density

Click here to take the quiz!

General Stats

  • This quiz has been taken 29 times
  • The average score is 23 of 27

Answer Stats

Population DensityState% Correct
370 km^2Rio de Janeiro
100%
520 km^2Federal District
94%
110 km^2Alagoas
88%
67 km^2Paraíba
88%
55 km^2Paraná
88%
91 km^2Pernambuco
88%
61 km^2Rio Grande do Norte
88%
40 km^2Rio Grande do Sul
88%
180 km^2São Paulo
88%
100 km^2Sergipe
88%
5.3 km^2Amapá
82%
2.5 km^2Amazonas
82%
59 km^2Ceará
82%
84 km^2Espírito Santo
82%
20 km^2Maranhão
82%
3.7 km^2Mato Grosso
82%
34 km^2Minas Gerais
82%
6.2 km^2Pará
82%
13 km^2Piauí
82%
6.7 km^2Rondônia
82%
70 km^2Santa Catarina
82%
5.4 km^2Tocantins
82%
5 km^2Acre
76%
27 km^2Bahia
76%
7 km^2Mato Grosso do Sul
76%
2.1 km^2Roraima
76%
18 km^2Goiás
71%

Score Distribution

Percentile by Number Answered

Percent of People with Each Score

Your Score History

You have not taken this quiz